000 02071nam a2200361 a 4500
001 BRCA_2809
005 20190320203959.0
008 081208s1905----sp-a---###---#000-0#spa-u
041 _aspa
044 _asp
084 _a257
_b.J83
_c1905
100 1 _aCervantes Saavedra, Miguel de
_d1547-1616
_9213
245 1 0 _aEl Ingenioso Hidalgo Don Quijote de la Mancha
_ccompuesto por Miguel de Cervantes Saavedra.
260 _aMadrid
_bSáenz de Jubera hermanos
_c[1905?]
300 _a540 p.
_bil.
_c29 cm.
500 _aContenido : Primera parte. Escudo de la edición príncipe. Dedicatoria del autor. Nota de los editores. Retrato de Cervantes. Prólogo del autor. Versos preliminares. Texto. Segunda parte. Documentos de la primera edición. Dedicatoria del autor. Prólogo del autor. Vida de Cervantes por J. M. Quintana. El Buscapié por A. de Castro. Texto
500 _aEdición : Novísima edición con notas históricas, críticas y gramaticales de la Academia Española, Pellicer, Arrieta, Clemencín, Cuesta, Janer, etc. Aumentada con el Buscapié anotado por Adolfo de Castro. Adornada con 300 grabados, láminas sueltas
500 _aReimpresión de la edición de 1890 de Agustín Jubera. Excelente encuadernada en fina piel parda, con adornos en relieve, en lomeras y tapas Lúdovik Osterc
500 _aIncluye índice : De láminas
500 _aQM1021
650 1 4 _aNovela española
_yÉpoca clásica, 1500-1700
_9215
650 1 4 _aLiteratura española
_yÉpoca clásica, 1500-1700
_9216
650 1 4 _aNovela española
_ySiglo XVII
_9217
650 1 4 _aDon Quijote (Personaje ficticio)
_eNovela
_9218
700 1 _aQuintana, José Manuel
_d1772-1857
_eBiógrafo
_97881
700 1 _aCastro y Rossi, Adolfo de
_d1823-1898
_eAnotador
_97882
700 1 _aPellicer y Pilares, Juan Antonio
_d1738-1806
_eBiógrafo
_97883
700 1 _aGarcía Arrieta, Agustín
_d1775-1834
_eAnotador
_97884
700 1 _aClemencín y Viñas, Diego
_d1785-1834
_eAnotador
_97885
740 0 _aEl Ingenioso Hidalgo Don Quijote de la Mancha
902 _aQFM
942 _2lcc
_cB
999 _c2549
_d2549